[Event "Small Nations"]
[Site "?"]
[Date "2015.04.20"]
[Round "2.17"]
[White "Pace, Colin"]
[Black "Butnorius, Algimantas"]
[Result "0-1"]
[BlackElo "2379"]
[WhiteElo "2120"]
[LiveChessVersion "1.4.5"]

1. e4 {[%clk 1:30:56]} c5 {[%clk 1:30:52]} 2. Nf3 {[%clk 1:31:21]} e6
{[%clk 1:31:16]} 3. d4 {[%clk 1:31:45]} cxd4 {[%clk 1:31:39]} 4. Nxd4
{[%clk 1:32:12]} Nc6 {[%clk 1:32:02]} 5. Nb5 {[%clk 1:27:42]} d6 {[%clk 1:32:05]}
6. Bf4 {[%clk 1:25:34]} e5 {[%clk 1:32:16]} 7. Bg5 {[%clk 1:25:09]} Qxg5
{[%clk 1:20:44]} 8. Nc7+ {[%clk 1:24:38]} Kd8 {[%clk 1:20:50]} 9. Nxa8
{[%clk 1:24:37]} Bg4 {[%clk 1:20:41]} 10. f3 {[%clk 1:20:49]} Qe3+
{[%clk 1:20:34]} 11. Be2 {[%clk 1:17:42]} Be6 {[%clk 1:20:39]} 12. Nd2
{[%clk 1:14:45]} Nd4 {[%clk 1:01:30]} 13. Nf1 {[%clk 0:49:42]} Qxe2+
{[%clk 1:01:20]} 14. Qxe2 {[%clk 0:50:06]} Nxe2 {[%clk 1:01:38]} 15. Kxe2
{[%clk 0:50:34]} Kc8 {[%clk 0:56:15]} 16. c4 {[%clk 0:41:36]} Kb8
{[%clk 0:55:34]} 17. Nb6 {[%clk 0:24:15]} axb6 {[%clk 0:55:32]} 18. Ne3
{[%clk 0:24:38]} Ne7 {[%clk 0:51:58]} 19. Nd5 {[%clk 0:22:33]} Nxd5
{[%clk 0:50:18]} 20. exd5 {[%clk 0:22:19]} Bd7 {[%clk 0:49:51]} 21. a4
{[%clk 0:22:18]} Be7 {[%clk 0:49:18]} 22. b4 {[%clk 0:21:10]} f5 {[%clk 0:46:12]}
23. b5 {[%clk 0:19:33]} Kc7 {[%clk 0:44:02]} 24. a5 {[%clk 0:17:21]} bxa5
{[%clk 0:42:56]} 25. Rxa5 {[%clk 0:17:19]} Kb6 {[%clk 0:42:42]} 26. Rha1
{[%clk 0:13:30]} Rc8 {[%clk 0:41:55]} 27. R5a4 {[%clk 0:13:24]} Bf6
{[%clk 0:36:56]} 28. R1a2 {[%clk 0:13:33]} e4 {[%clk 0:29:27]} 29. f4
{[%clk 0:11:55]} h5 {[%clk 0:25:25]} 30. g3 {[%clk 0:11:05]} h4 {[%clk 0:25:46]}
31. gxh4 {[%clk 0:10:04]} Rh8 {[%clk 0:24:52]} 32. Ra7 {[%clk 0:04:36]} Rxh4
{[%clk 0:24:22]} 33. R2a6+ {[%clk 0:04:29]} bxa6 {[%clk 0:24:36]} 34. Rxd7
{[%clk 0:04:53]} Rxh2+ {[%clk 0:24:34]} 35. Ke3 {[%clk 0:05:15]} axb5
{[%clk 0:23:27]} 36. Rxd6+ {[%clk 0:05:29]} Kc5 {[%clk 0:23:50]} 37. Rc6+
{[%clk 0:05:29]} Kb4 {[%clk 0:24:14]} 38. c5 {[%clk 0:05:11]} Kc4
{[%clk 0:24:00]} 0-1

[Event "Small Nations"]
[Site "?"]
[Date "2015.04.20"]
[Round "2.18"]
[White "Van Hoolandt, Patrick"]
[Black "Cilia Vincenti, David"]
[Result "1-0"]
[BlackElo "2078"]
[WhiteElo "2107"]
[LiveChessVersion "1.4.5"]

1. d4 {[%clk 1:30:57]} f5 {[%clk 1:30:51]} 2. g3 {[%clk 1:31:11]} e6
{[%clk 1:31:10]} 3. Bg2 {[%clk 1:31:35]} Nf6 {[%clk 1:31:32]} 4. Nf3
{[%clk 1:31:49]} d5 {[%clk 1:31:55]} 5. O-O {[%clk 1:31:44]} Bd6 {[%clk 1:32:15]}
6. c4 {[%clk 1:32:02]} c6 {[%clk 1:32:36]} 7. b3 {[%clk 1:32:24]} Qe7
{[%clk 1:32:43]} 8. Ne5 {[%clk 1:32:47]} O-O {[%clk 1:31:16]} 9. Nd2
{[%clk 1:33:03]} Nbd7 {[%clk 1:31:26]} 10. Ndf3 {[%clk 1:33:27]} a5
{[%clk 1:31:01]} 11. Bg5 {[%clk 1:33:51]} Qe8 {[%clk 1:23:37]} 12. Bf4
{[%clk 1:34:03]} Ne4 {[%clk 1:22:21]} 13. Nxd7 {[%clk 1:30:15]} Bxd7
{[%clk 1:20:51]} 14. Bxd6 {[%clk 1:30:31]} Nxd6 {[%clk 1:21:08]} 15. Ne5
{[%clk 1:25:57]} f4 {[%clk 1:00:57]} 16. Qd3 {[%clk 1:18:33]} Qe7
{[%clk 1:00:57]} 17. e3 {[%clk 1:18:33]} fxe3 {[%clk 1:00:57]} 18. fxe3
{[%clk 1:18:33]} Rf6 {[%clk 1:00:57]} 19. Rf4 {[%clk 1:18:33]} Rxf4
{[%clk 1:00:57]} 20. exf4 {[%clk 1:18:33]} a4 {[%clk 1:00:57]} 21. Re1
{[%clk 1:18:33]} axb3 {[%clk 1:00:57]} 22. axb3 {[%clk 1:18:33]} Be8
{[%clk 1:00:57]} 23. c5 {[%clk 1:18:33]} Nb5 {[%clk 1:00:57]} 24. Bh3
{[%clk 1:18:33]} Qf6 {[%clk 1:00:57]} 25. Qe3 {[%clk 1:18:33]} Bh5
{[%clk 1:00:57]} 26. g4 {[%clk 1:18:33]} Be8 {[%clk 1:00:57]} 27. g5
{[%clk 1:18:33]} Qe7 {[%clk 1:00:57]} 28. Nf3 {[%clk 1:18:33]} Bf7
{[%clk 1:00:57]} 29. Bg4 {[%clk 1:18:33]} g6 {[%clk 1:00:57]} 30. Ne5
{[%clk 1:18:33]} Be8 {[%clk 1:00:57]} 31. Bh3 {[%clk 1:18:33]} Ra2
{[%clk 1:00:57]} 32. Ng4 {[%clk 1:18:33]} Bf7 {[%clk 1:00:57]} 33. Qe5
{[%clk 1:18:33]} Qc7 {[%clk 1:00:57]} 34. Nh6+ {[%clk 1:18:33]} Kf8
{[%clk 1:00:57]} 35. Qh8+ {[%clk 1:18:33]} Ke7 {[%clk 1:00:57]} 36. Qf6+
{[%clk 1:18:33]} 1-0

[Event "Small Nations"]
[Site "?"]
[Date "2015.04.20"]
[Round "2.19"]
[White "Darmanin, Jake"]
[Black "Nelis, Jean-Francois"]
[Result "0-1"]
[BlackElo "2146"]
[WhiteElo "1984"]
[LiveChessVersion "1.4.5"]

1. e4 {[%clk 1:30:54]} e6 {[%clk 1:30:45]} 2. d4 {[%clk 1:31:19]} d5
{[%clk 1:31:10]} 3. Nc3 {[%clk 1:31:44]} Bb4 {[%clk 1:31:28]} 4. exd5
{[%clk 1:32:07]} exd5 {[%clk 1:31:14]} 5. Bd3 {[%clk 1:32:33]} Nc6
{[%clk 1:30:35]} 6. a3 {[%clk 1:26:33]} Bxc3+ {[%clk 1:30:57]} 7. bxc3
{[%clk 1:27:00]} Be6 {[%clk 1:31:18]} 8. Nf3 {[%clk 1:24:51]} Nge7
{[%clk 1:28:53]} 9. Ng5 {[%clk 1:10:16]} Bf5 {[%clk 1:28:53]} 10. Qf3
{[%clk 1:10:16]} Qd7 {[%clk 1:28:53]} 11. O-O {[%clk 1:10:16]} O-O
{[%clk 1:28:53]} 12. Re1 {[%clk 1:10:16]} f6 {[%clk 1:28:53]} 13. Bxf5
{[%clk 1:10:16]} Qxf5 {[%clk 1:28:53]} 14. Ne6 {[%clk 1:10:16]} Rf7
{[%clk 1:28:53]} 15. Nxc7 {[%clk 1:10:16]} Qxf3 {[%clk 1:28:53]} 16. gxf3
{[%clk 1:10:16]} Rc8 {[%clk 1:28:53]} 17. Ne6 {[%clk 1:10:16]} Nf5
{[%clk 1:28:53]} 18. a4 {[%clk 1:10:16]} Na5 {[%clk 1:28:53]} 19. Ba3
{[%clk 1:10:16]} Nc4 {[%clk 1:28:53]} 20. Re2 {[%clk 1:10:16]} b6
{[%clk 1:28:53]} 21. Bc1 {[%clk 1:10:16]} g5 {[%clk 1:28:53]} 22. f4
{[%clk 1:10:16]} g4 {[%clk 1:28:53]} 23. Ba3 {[%clk 1:10:16]} Re8
{[%clk 1:28:53]} 24. a5 {[%clk 1:10:16]} Nxa3 {[%clk 1:28:53]} 25. Rxa3
{[%clk 1:10:16]} Rfe7 {[%clk 1:28:53]} 26. axb6 {[%clk 1:10:16]} axb6
{[%clk 1:28:53]} 27. c4 {[%clk 1:10:16]} Rxe6 {[%clk 1:28:53]} 28. Rxe6
{[%clk 1:10:16]} Rxe6 {[%clk 1:28:53]} 29. cxd5 {[%clk 1:10:16]} Rd6
{[%clk 1:28:53]} 30. c4 {[%clk 1:10:16]} b5 {[%clk 1:28:53]} 31. cxb5
{[%clk 1:10:16]} Rxd5 {[%clk 1:28:53]} 32. Rb3 {[%clk 1:10:16]} Nxd4
{[%clk 1:28:53]} 33. Ra3 {[%clk 1:10:16]} Rxb5 {[%clk 1:28:53]} 34. Ra6
{[%clk 1:10:16]} Kg7 {[%clk 1:28:53]} 35. Rd6 {[%clk 1:10:16]} Nf5
{[%clk 1:28:53]} 36. Rd3 {[%clk 1:10:16]} Rb4 {[%clk 1:28:53]} 37. h3
{[%clk 1:10:16]} gxh3 {[%clk 1:28:53]} 38. Rxh3 {[%clk 1:10:16]} Rxf4
{[%clk 1:28:53]} 39. Ra3 {[%clk 1:10:16]} Rg4+ {[%clk 1:28:53]} 40. Kh2
{[%clk 1:10:16]} Kg6 {[%clk 1:28:53]} 41. Ra8 {[%clk 1:10:16]} h5
{[%clk 1:28:53]} 42. Rg8+ {[%clk 1:10:16]} Ng7 {[%clk 1:28:53]} 43. Rh8
{[%clk 1:10:16]} Kg5 {[%clk 1:28:53]} 44. Rf8 {[%clk 1:10:16]} Kf5
{[%clk 1:28:53]} 45. f3 {[%clk 1:10:16]} Rg5 {[%clk 1:28:53]} 46. Ra8
{[%clk 1:10:16]} Ne6 {[%clk 1:28:53]} 47. Ra4 {[%clk 1:10:16]} Nf4
{[%clk 1:28:53]} 48. Ra5+ {[%clk 1:10:16]} Ke6 {[%clk 1:28:53]} 49. Ra6+
{[%clk 1:10:16]} Ke5 {[%clk 1:28:53]} 50. Ra8 {[%clk 1:10:16]} Kd4
{[%clk 1:28:53]} 51. Rf8 {[%clk 1:10:16]} Rg2+ {[%clk 1:28:53]} 52. Kh1
{[%clk 1:10:16]} Rg6 {[%clk 1:28:53]} 53. Re8 {[%clk 1:10:16]} f5
{[%clk 1:28:53]} 54. Rf8 {[%clk 1:10:16]} Ke5 {[%clk 1:28:53]} 55. Re8+
{[%clk 1:10:16]} Ne6 {[%clk 1:28:53]} 56. Rh8 {[%clk 1:10:16]} Ng7
{[%clk 1:28:53]} 57. Ra8 {[%clk 1:10:16]} Kf4 {[%clk 1:28:53]} 58. Ra3
{[%clk 1:10:16]} Rg3 {[%clk 1:28:53]} 59. Kh2 {[%clk 1:10:16]} h4
{[%clk 1:28:53]} 60. Ra4+ {[%clk 1:10:16]} Kg5 {[%clk 1:28:53]} 61. Ra7
{[%clk 1:10:16]} Nh5 {[%clk 1:28:53]} 62. Ra3 {[%clk 1:10:16]} Nf4
{[%clk 1:28:53]} 63. Rb3 {[%clk 1:10:16]} Ng6 {[%clk 1:28:53]} 64. Re3
{[%clk 1:10:16]} Kf4 {[%clk 1:28:53]} 0-1

[Event "Small Nations"]
[Site "?"]
[Date "2015.04.20"]
[Round "2.20"]
[White "Ribbegren, Karl Johan"]
[Black "Psaila, Clarence"]
[Result "1-0"]
[BlackElo "2063"]
[WhiteElo "2244"]
[LiveChessVersion "1.4.5"]

1. Nf3 {[%clk 1:30:58]} d6 {[%clk 1:30:48]} 2. e4 {[%clk 1:30:02]} c5
{[%clk 1:31:08]} 3. Bb5+ {[%clk 1:29:17]} Bd7 {[%clk 1:31:18]} 4. Bxd7+
{[%clk 1:29:04]} Qxd7 {[%clk 1:31:45]} 5. c4 {[%clk 1:28:51]} Nc6
{[%clk 1:31:35]} 6. O-O {[%clk 1:28:21]} g6 {[%clk 1:28:50]} 7. d4
{[%clk 1:23:25]} cxd4 {[%clk 1:29:08]} 8. Nxd4 {[%clk 1:23:08]} Bg7
{[%clk 1:29:24]} 9. Be3 {[%clk 1:18:58]} Nf6 {[%clk 1:29:21]} 10. f3
{[%clk 1:18:40]} O-O {[%clk 1:28:36]} 11. Nc3 {[%clk 1:18:15]} Rfc8
{[%clk 1:25:37]} 12. b3 {[%clk 1:17:37]} Qd8 {[%clk 1:12:02]} 13. Rc1
{[%clk 1:03:53]} Qf8 {[%clk 1:05:35]} 14. Rc2 {[%clk 0:53:05]} Bh6
{[%clk 0:41:54]} 15. Bf2 {[%clk 0:52:51]} Bf4 {[%clk 0:33:02]} 16. Nde2
{[%clk 0:51:22]} Bh6 {[%clk 0:33:09]} 17. Kh1 {[%clk 0:49:02]} Nb4
{[%clk 0:32:10]} 18. Rb2 {[%clk 0:47:46]} Bg7 {[%clk 0:28:49]} 19. Be3
{[%clk 0:43:19]} Nd7 {[%clk 0:28:27]} 20. Rd2 {[%clk 0:40:37]} Nf6
{[%clk 0:25:18]} 21. Nd4 {[%clk 0:38:21]} Nc6 {[%clk 0:24:48]} 22. f4
{[%clk 0:34:39]} h6 {[%clk 0:16:49]} 23. Qf3 {[%clk 0:27:48]} Kh7
{[%clk 0:12:55]} 24. Bf2 {[%clk 0:23:26]} Qh8 25. Nxc6 {[%clk 0:20:14]} bxc6
{[%clk 0:13:02]} 26. e5 {[%clk 0:19:42]} Ne8 {[%clk 0:11:48]} 27. Ne4
{[%clk 0:18:35]} f5 {[%clk 0:10:54]} 28. exf6 {[%clk 0:13:49]} Nxf6
{[%clk 0:11:14]} 29. Re1 {[%clk 0:11:35]} Nxe4 {[%clk 0:09:40]} 30. Qxe4
{[%clk 0:10:03]} Bf6 {[%clk 0:08:56]} 31. g4 {[%clk 0:08:55]} Rc7
{[%clk 0:08:28]} 32. Rd3 {[%clk 0:08:44]} Qg7 {[%clk 0:07:46]} 33. Rh3
{[%clk 0:06:02]} Kg8 {[%clk 0:07:52]} 34. Qe6+ {[%clk 0:05:19]} Qf7
{[%clk 0:06:04]} 35. Rxh6 {[%clk 0:05:11]} Qxe6 {[%clk 0:05:19]} 36. Rxe6
{[%clk 0:05:39]} Kf7 {[%clk 0:05:26]} 37. f5 {[%clk 0:05:16]} gxf5
{[%clk 0:05:29]} 38. Rexf6+ {[%clk 0:05:26]} exf6 {[%clk 0:03:54]} 39. Rh7+
{[%clk 0:05:52]} Kg6 {[%clk 0:01:20]} 40. Rxc7 {[%clk 0:06:16]} 1-0

[Event "Small Nations"]
[Site "?"]
[Date "2015.04.20"]
[Round "3.2"]
[White "Grassi, Enrico"]
[Black "Van Hoolandt, Patrick"]
[Result "1-0"]
[WhiteElo "2038"]
[BlackElo "2107"]
[PlyCount "55"]
[EventDate "2015.??.??"]
[TimeControl "6000+1700"]
[WhiteClock "1:00:20"]
[BlackClock "0:49:37"]

1. e4 e5 2. Nf3 Nc6 3. Bc4 Bc5 4. b4 Bxb4 5. c3 Ba5 6. d4 b5 7. Bxb5 Nxd4 8.
Nxd4 exd4 9. O-O dxc3 10. Bc4 c6 11. Qh5 d5 12. exd5 Nf6 13. Re1+ Kf8 14. Qe5
Bb6 15. Ba3+ c5 16. Nxc3 Ng4 17. Qe2 Bd7 18. h3 Nf6 19. Qe5 h5 20. d6 h4 21.
Qf4 g5 22. Qf3 Rh7 23. Re7 Be6 24. Bxe6 Qxd6 25. Qxa8+ Kxe7 26. Bf5 Qd2 27. Ne4
Qd4 28. Re1 1-0

[Event "Small Nations"]
[Site "?"]
[Date "2015.04.20"]
[Round "3.5"]
[White "Berend, Fred"]
[Black "Pace, Colin"]
[Result "1-0"]
[BlackElo "2120"]
[WhiteElo "2349"]
[LiveChessVersion "1.4.5"]

1. Nf3 {[%clk 1:30:54]} d5 {[%clk 1:28:02]} 2. g3 {[%clk 1:31:03]} Nf6
{[%clk 1:26:06]} 3. Bg2 {[%clk 1:31:12]} e6 {[%clk 1:23:59]} 4. O-O
{[%clk 1:31:28]} Be7 {[%clk 1:24:02]} 5. c4 {[%clk 1:31:47]} O-O {[%clk 1:23:30]}
6. d4 {[%clk 1:31:00]} dxc4 {[%clk 1:19:06]} 7. Qc2 {[%clk 1:31:16]} Nbd7
{[%clk 1:13:48]} 8. Qxc4 {[%clk 1:31:34]} c5 {[%clk 1:10:51]} 9. dxc5
{[%clk 1:27:21]} Bxc5 {[%clk 1:09:33]} 10. Nc3 {[%clk 1:24:54]} a6
{[%clk 1:04:12]} 11. Qb3 {[%clk 1:18:52]} Qe7 {[%clk 0:53:17]} 12. Bf4
{[%clk 1:12:10]} Bd6 {[%clk 0:46:57]} 13. Bxd6 {[%clk 1:11:58]} Qxd6
{[%clk 0:47:24]} 14. Rfd1 {[%clk 1:12:03]} Qe7 {[%clk 0:46:05]} 15. Rac1
{[%clk 1:10:24]} Re8 {[%clk 0:40:17]} 16. Nd2 {[%clk 1:07:30]} Ne5
{[%clk 0:29:59]} 17. Nde4 {[%clk 0:57:10]} Nc6 {[%clk 0:25:06]} 18. Nxf6+
{[%clk 0:50:33]} gxf6 {[%clk 0:23:59]} 19. Bxc6 {[%clk 0:46:57]} bxc6
{[%clk 0:24:01]} 20. Ne4 {[%clk 0:46:39]} f5 {[%clk 0:14:09]} 21. Nc5
{[%clk 0:44:16]} e5 {[%clk 0:13:26]} 22. Qc3 {[%clk 0:42:22]} f6 {[%clk 0:08:32]}
23. Rd2 {[%clk 0:40:42]} Rd8 {[%clk 0:05:49]} 24. Rxd8+ {[%clk 0:35:31]} Qxd8
{[%clk 0:06:18]} 25. Qb3+ {[%clk 0:34:07]} Qd5 {[%clk 0:02:56]} 26. Rd1
{[%clk 0:31:26]} Qxb3 {[%clk 0:03:21]} 27. Rd8+ {[%clk 0:31:39]} Kf7
{[%clk 0:03:37]} 28. Nxb3 {[%clk 0:31:36]} a5 {[%clk 0:02:38]} 29. a3
{[%clk 0:30:47]} a4 {[%clk 0:02:27]} 30. Nd2 {[%clk 0:26:24]} Ke7
{[%clk 0:02:13]} 31. Rh8 {[%clk 0:26:47]} h6 {[%clk 0:02:28]} 32. Nc4
{[%clk 0:25:50]} Rb8 {[%clk 0:02:36]} 33. h4 {[%clk 0:24:47]} Kd7
{[%clk 0:01:09]} 34. Rh7+ {[%clk 0:20:41]} Ke6 {[%clk 0:00:44]} 35. Ra7
{[%clk 0:21:01]} Kd5 {[%clk 0:00:36]} 36. Rxa4 {[%clk 0:21:04]} f4
{[%clk 0:00:55]} 37. gxf4 {[%clk 0:14:59]} exf4 {[%clk 0:01:22]} 38. e3
{[%clk 0:15:20]} Kc5 {[%clk 0:00:58]} 39. Nd2 {[%clk 0:08:27]} Rxb2
{[%clk 0:00:55]} 40. Ne4+ {[%clk 0:08:35]} Kd5 {[%clk 0:00:38]} 41. Nxf6+
{[%clk 0:04:50]} Ke5 {[%clk 0:24:51]} 42. Rxf4 {[%clk 0:35:15]} c5
{[%clk 0:22:36]} 43. Ne4 {[%clk 0:29:22]} c4 {[%clk 0:15:18]} 44. Nc5
{[%clk 0:29:30]} Kd5 {[%clk 0:13:00]} 45. Na4 {[%clk 0:29:48]} Rb3
{[%clk 0:07:19]} 46. Rd4+ {[%clk 0:29:49]} Ke5 {[%clk 0:07:27]} 47. Rxc4
{[%clk 0:27:32]} Bb7 {[%clk 0:05:39]} 48. Rb4 {[%clk 0:26:51]} Rxa3
{[%clk 0:05:44]} 49. Rxb7 {[%clk 0:27:10]} Rxa4 {[%clk 0:06:08]} 50. Rb5+
{[%clk 0:26:55]} Ke4 {[%clk 0:04:28]} 51. Kg2 {[%clk 0:27:17]} Ra6
{[%clk 0:04:02]} 52. h5 {[%clk 0:27:27]} Ra7 {[%clk 0:04:21]} 53. Rb6
{[%clk 0:27:09]} Rg7+ {[%clk 0:04:44]} 54. Rg6 {[%clk 0:27:34]} Rh7
{[%clk 0:04:35]} 55. Kg3 {[%clk 0:27:54]} Kd5 1-0

[Event "Small Nations"]
[Site "?"]
[Date "2015.04.20"]
[Round "3.6"]
[White "Cilia Vincenti, David"]
[Black "Wiedenkeller, Michael"]
[Result "0-1"]
[BlackElo "2470"]
[WhiteElo "2078"]
[LiveChessVersion "1.4.5"]

1. d4 {[%clk 1:30:56]} d5 {[%clk 1:30:38]} 2. c4 {[%clk 1:31:18]} dxc4
{[%clk 1:31:01]} 3. Nf3 {[%clk 1:31:17]} Nf6 {[%clk 1:31:14]} 4. e3
{[%clk 1:31:13]} e6 {[%clk 1:31:20]} 5. Bxc4 {[%clk 1:31:20]} c5 {[%clk 1:31:42]}
6. O-O {[%clk 1:31:24]} a6 {[%clk 1:31:57]} 7. dxc5 {[%clk 1:31:41]} Bxc5
{[%clk 1:31:46]} 8. Qxd8+ {[%clk 1:31:51]} Kxd8 {[%clk 1:32:13]} 9. Rd1+
{[%clk 1:28:54]} Ke7 {[%clk 1:32:23]} 10. a3 {[%clk 1:28:54]} b5 {[%clk 1:28:39]}
11. Be2 {[%clk 1:27:53]} Nbd7 {[%clk 1:27:42]} 12. b4 {[%clk 1:27:16]} Bd6
{[%clk 1:27:17]} 13. Bb2 {[%clk 1:26:35]} Bb7 {[%clk 1:25:45]} 14. Nbd2
{[%clk 1:25:46]} Rhc8 {[%clk 1:17:22]} 15. Rac1 {[%clk 4:44:53]} e5
{[%clk 1:17:22]} 16. Nb3 {[%clk 4:44:53]} Bd5 {[%clk 1:17:22]} 17. Na5
{[%clk 4:44:53]} g6 {[%clk 1:17:22]} 18. Rxc8 {[%clk 4:44:53]} Rxc8
{[%clk 1:17:22]} 19. Rc1 {[%clk 4:44:53]} Rxc1+ {[%clk 1:17:22]} 20. Bxc1
{[%clk 4:44:53]} Ne4 {[%clk 1:17:22]} 21. Bb2 {[%clk 4:44:53]} f6
{[%clk 1:17:22]} 22. Ne1 {[%clk 4:44:53]} Bc7 {[%clk 1:17:22]} 23. f3
{[%clk 4:44:53]} Nd2 {[%clk 1:17:22]} 24. e4 {[%clk 4:44:53]} Bb6+
{[%clk 1:17:22]} 25. Kh1 {[%clk 4:44:53]} Be6 {[%clk 0:50:16]} 26. Bc3
{[%clk 0:38:50]} Nb1 {[%clk 0:50:08]} 27. Bb2 {[%clk 0:39:05]} Kd6
{[%clk 0:47:52]} 28. Bd3 {[%clk 0:36:52]} Nd2 {[%clk 0:46:31]} 29. Bc3
{[%clk 0:36:01]} Nc4 {[%clk 0:45:39]} 30. a4 {[%clk 0:35:32]} Bxa5
{[%clk 0:39:56]} 31. bxa5 {[%clk 0:33:38]} bxa4 {[%clk 0:40:10]} 32. Nc2
{[%clk 0:28:22]} Nc5 {[%clk 0:37:25]} 33. Bb4 {[%clk 0:22:30]} Kc6
{[%clk 0:37:14]} 0-1

[Event "Small Nations"]
[Site "?"]
[Date "2015.04.20"]
[Round "3.7"]
[White "Linster, Philippe"]
[Black "Darmanin, Jake"]
[Result "1-0"]
[WhiteElo "2239"]
[BlackElo "1984"]
[PlyCount "155"]
[EventDate "2015.??.??"]
[TimeControl "6000+1635"]
[WhiteClock "0:11:35"]
[BlackClock "0:01:22"]

1. c4 Nf6 2. g3 g6 3. Bg2 d5 4. cxd5 Nxd5 5. Nc3 Nxc3 6. bxc3 Bg7 7. Nf3 O-O 8.
O-O e5 9. Rb1 Nd7 10. d4 exd4 11. cxd4 Nb6 12. Bg5 Qd5 13. a4 Qa5 14. Ra1 c6
15. Bd2 Qh5 16. a5 Nc4 17. Bb4 Re8 18. Qd3 Qb5 19. Bc3 Bf5 20. Qd1 Rad8 21. e3
c5 22. Qa4 Qa6 23. Rfc1 cxd4 24. Bxd4 Nb2 25. Qb3 Nd3 26. Rc7 Be6 27. Qc3 Rc8
28. Bxg7 Rxc7 29. Qxc7 Rc8 30. Qe7 Kxg7 31. Nd4 Nc5 32. Rc1 Bc4 33. Bh3 Nd3 34.
Bxc8 Nxc1 35. Qe5+ Kg8 36. Qc7 Ne2+ 37. Nxe2 Bxe2 38. Bxb7 Qd3 39. Qc8+ Kg7 40.
Qc1 a6 41. Qa1+ Kg8 42. Kg2 Qb5 43. Bf3 Bc4 44. h4 h5 45. Qc3 Be6 46. e4 Kf8
47. Qd2 Bc4 48. Kh2 Bd3 49. Bg2 Ke7 50. Qc3 Bc4 51. Qd4 Be6 52. e5 Kf8 53. Qc3
Qe2 54. Qc5+ Kg7 55. Bb7 Qf1 56. Qb6 Bc4 57. Qd4 Be6 58. Bg2 Qb5 59. Bh3 Bxh3
60. Kxh3 Qxa5 61. e6+ Kf8 62. Qd6+ Kg7 63. e7 Qf5+ 64. Kg2 Qe4+ 65. Kh2 Qe2 66.
Kg2 Qe4+ 67. Kf1 a5 68. Qd7 Qh1+ 69. Ke2 Qe4+ 70. Kd2 Qb4+ 71. Kd3 Qb3+ 72. Ke4
f5+ 73. Ke5 Qb8+ 74. Kd5 Qb3+ 75. Kc6 Qc4+ 76. Kb7 Qb4+ 77. Ka8 Qe4+ 78. Ka7
1-0

[Event "Small Nations"]
[Site "?"]
[Date "2015.04.20"]
[Round "3.8"]
[White "Psaila, Clarence"]
[Black "Mossong, Hubert"]
[Result "1-0"]
[BlackElo "2103"]
[WhiteElo "2063"]
[LiveChessVersion "1.4.5"]

1. e4 {[%clk 1:30:50]} d6 {[%clk 1:30:46]} 2. d4 {[%clk 1:30:31]} Nf6
{[%clk 1:31:11]} 3. Nc3 {[%clk 1:30:50]} c6 {[%clk 1:31:37]} 4. h3
{[%clk 1:30:01]} Qa5 {[%clk 1:30:52]} 5. Bd3 {[%clk 1:29:40]} e5 {[%clk 1:30:15]}
6. dxe5 {[%clk 1:29:21]} dxe5 {[%clk 1:30:36]} 7. Nf3 {[%clk 1:28:01]} h6
{[%clk 1:25:49]} 8. Bd2 {[%clk 1:23:21]} Be6 {[%clk 1:17:47]} 9. Nd5
{[%clk 1:12:42]} Qd8 {[%clk 1:18:12]} 10. Nxf6+ {[%clk 1:09:36]} Qxf6
{[%clk 1:14:25]} 11. Bc3 {[%clk 1:09:27]} Nd7 {[%clk 1:14:40]} 12. Qe2
{[%clk 1:04:01]} Bd6 {[%clk 1:13:51]} 13. Rd1 {[%clk 1:03:05]} Qe7
{[%clk 1:12:18]} 14. Bc4 {[%clk 1:01:54]} Bb4 {[%clk 1:02:46]} 15. Qd2
{[%clk 0:51:58]} Bxc4 {[%clk 0:52:00]} 16. Bxb4 {[%clk 0:52:08]} c5
{[%clk 0:52:17]} 17. Bc3 {[%clk 0:43:49]} O-O-O {[%clk 0:52:22]} 18. Qd6
{[%clk 0:42:02]} Qxd6 {[%clk 0:45:08]} 19. Rxd6 {[%clk 0:42:23]} Kc7
{[%clk 0:39:06]} 20. Rxd7+ {[%clk 0:39:18]} Rxd7 {[%clk 0:33:11]} 21. Nxe5
{[%clk 0:39:35]} Be6 {[%clk 0:31:59]} 22. Nxd7 {[%clk 0:39:59]} Kxd7
{[%clk 0:32:17]} 23. Bxg7 {[%clk 0:35:55]} Rg8 {[%clk 0:29:13]} 24. Bxh6
{[%clk 0:34:41]} Rxg2 {[%clk 0:29:11]} 25. Be3 {[%clk 0:34:55]} Kc6
{[%clk 0:27:54]} 26. h4 {[%clk 0:34:36]} f5 {[%clk 0:20:37]} 27. exf5
{[%clk 0:16:28]} Bxf5 {[%clk 0:21:01]} 28. Kd2 {[%clk 0:15:34]} Rg7
{[%clk 0:19:58]} 29. h5 {[%clk 0:15:18]} Rd7+ {[%clk 0:16:12]} 30. Kc3
{[%clk 0:14:07]} a5 {[%clk 0:12:21]} 31. a4 {[%clk 0:13:33]} b6 {[%clk 0:12:01]}
32. h6 {[%clk 0:13:09]} Kd5 {[%clk 0:10:01]} 33. Rg1 {[%clk 0:08:17]} Ke5
{[%clk 0:08:42]} 34. Rg8 {[%clk 0:06:15]} Rb7 {[%clk 0:08:16]} 35. Rd8
{[%clk 0:06:13]} Be6 {[%clk 0:07:52]} 36. b3 {[%clk 0:05:46]} Ke4
{[%clk 0:07:32]} 37. Re8 {[%clk 0:05:52]} Kf5 {[%clk 0:06:40]} 38. Rd8
{[%clk 0:06:03]} Ke4 {[%clk 0:06:48]} 39. Rf8 {[%clk 0:05:36]} Kd5
{[%clk 0:06:21]} 40. Bg5 {[%clk 0:05:44]} Rh7 {[%clk 0:04:08]} 41. Rb8
{[%clk 0:02:58]} Kc6 {[%clk 0:03:40]} 42. Rf8 {[%clk 0:00:58]} Kd5
{[%clk 0:25:10]} 43. f4 {[%clk 0:30:43]} Kc6 {[%clk 0:24:28]} 44. Rf6
{[%clk 0:30:11]} Kd5 1-0

[Event "Small Nations"]
[Site "?"]
[Date "2015.04.20"]
[Round "3.9"]
[White "Holland, Christopher"]
[Black "Nielsen, Hogni Egilstoft"]
[Result "0-1"]
[BlackElo "2382"]
[WhiteElo "2213"]
[LiveChessVersion "1.4.5"]

1. d4 {[%clk 1:30:56]} Nf6 {[%clk 1:30:47]} 2. c4 {[%clk 1:31:23]} e6
{[%clk 1:30:53]} 3. Nc3 {[%clk 1:31:13]} Bb4 {[%clk 1:30:46]} 4. a3
{[%clk 1:27:22]} Bxc3+ {[%clk 1:31:03]} 5. bxc3 {[%clk 1:27:49]} c5
{[%clk 1:23:49]} 6. e3 {[%clk 1:23:13]} Nc6 {[%clk 1:16:25]} 7. Bd3
{[%clk 1:23:31]} b6 {[%clk 1:15:37]} 8. e4 {[%clk 1:10:37]} d6 {[%clk 1:10:06]}
9. Ne2 {[%clk 0:56:09]} Na5 {[%clk 1:03:04]} 10. O-O {[%clk 0:45:04]} Bb7
{[%clk 0:58:04]} 11. Ng3 {[%clk 0:45:22]} Rc8 {[%clk 0:58:08]} 12. e5
{[%clk 0:34:33]} dxe5 {[%clk 0:53:36]} 13. dxe5 {[%clk 0:34:59]} Nd7
{[%clk 0:53:45]} 14. f4 {[%clk 0:31:37]} f5 {[%clk 0:42:18]} 15. exf6
{[%clk 0:30:49]} Nxf6 {[%clk 0:42:10]} 16. Qe2 {[%clk 0:20:09]} O-O
{[%clk 0:38:38]} 17. Be3 {[%clk 0:16:53]} Qe8 {[%clk 0:36:37]} 18. Rae1
{[%clk 0:14:16]} Qc6 {[%clk 0:34:52]} 19. Rf2 {[%clk 0:13:08]} Rcd8
{[%clk 0:34:07]} 20. f5 {[%clk 0:12:14]} Rfe8 {[%clk 0:19:48]} 21. fxe6
{[%clk 0:10:50]} Rxe6 {[%clk 0:15:53]} 22. Bf5 {[%clk 0:09:52]} Re5
{[%clk 0:13:37]} 23. Bh3 {[%clk 0:01:23]} Rde8 {[%clk 0:12:16]} 24. Qd3
{[%clk 0:01:51]} Ba6 {[%clk 0:09:33]} 0-1